Statistics for Which European Country is More Populated? - Multiple Choice

Click here to take the quiz!

General Stats

  • This quiz has been taken 36 times
  • The average score is 10 of 15

Answer Stats

QuestionAnswer% Correct
Which European Country is Bigger by Population?
100%
Which European Country is Bigger by Population?
94%
Which European Country is Bigger by Population?
91%
Which European Country is Bigger by Population?
89%
Which European Country is Bigger by Population?
80%
Which European Country is Bigger by Population?
77%
Which European Country is Bigger by Population?
74%
Which European Country is Bigger by Population?
71%
Which European Country is Bigger by Population?
69%
Which European Country is Bigger by Population?
66%
Which European Country is Bigger by Population?
60%
Which European Country is Bigger by Population?
60%
Which European Country is Bigger by Population?
37%
Which European Country is Bigger by Population?
37%
Which European Country is Bigger by Population?
34%

Score Distribution

Percentile by Number Answered

Percent of People with Each Score

Your Score History

You have not taken this quiz